<?xml version="1.0" encoding="UTF-8"?>
<record
    xmlns:xsi="http://www.w3.org/2001/XMLSchema-instance"
    xsi:schemaLocation="http://www.loc.gov/MARC21/slim http://www.loc.gov/standards/marcxml/schema/MARC21slim.xsd"
    xmlns="http://www.loc.gov/MARC21/slim">

  <leader>04274cam a22004454i 4500</leader>
  <controlfield tag="003">PE-LiUPU</controlfield>
  <controlfield tag="005">20250731165417.0</controlfield>
  <controlfield tag="008">151209s2005    pe     grm    000 0 spa d</controlfield>
  <datafield tag="035" ind1=" " ind2=" ">
    <subfield code="a">(Sirsi) a155449</subfield>
  </datafield>
  <datafield tag="040" ind1=" " ind2=" ">
    <subfield code="a">PE-LiUPU</subfield>
    <subfield code="b">spa</subfield>
    <subfield code="c">PE-LiUPU</subfield>
    <subfield code="e">rda</subfield>
  </datafield>
  <datafield tag="099" ind1=" " ind2=" ">
    <subfield code="a">TF 3</subfield>
    <subfield code="b">CH46 2005</subfield>
  </datafield>
  <datafield tag="100" ind1="1" ind2=" ">
    <subfield code="a">Chico Robles, Arnulfo,</subfield>
    <subfield code="e">autor</subfield>
  </datafield>
  <datafield tag="245" ind1="1" ind2=" ">
    <subfield code="a">Propuesta de la aplicaci&#xF3;n de los modelos de Terapia estructural y Terapia Enfocada en la soluci&#xF3;n en un caso de abuso sexual infantil /</subfield>
    <subfield code="c">Arnulfo Chico Robles.</subfield>
  </datafield>
  <datafield tag="264" ind1=" " ind2="0">
    <subfield code="c">2005.</subfield>
  </datafield>
  <datafield tag="300" ind1=" " ind2=" ">
    <subfield code="a">236 hojas </subfield>
    <subfield code="c">30 cm</subfield>
  </datafield>
  <datafield tag="336" ind1=" " ind2=" ">
    <subfield code="a">text</subfield>
    <subfield code="2">rdacontent</subfield>
  </datafield>
  <datafield tag="337" ind1=" " ind2=" ">
    <subfield code="a">unmediated</subfield>
    <subfield code="2">rdamedia</subfield>
  </datafield>
  <datafield tag="338" ind1=" " ind2=" ">
    <subfield code="a">volume</subfield>
    <subfield code="2">rdacarrier</subfield>
  </datafield>
  <datafield tag="502" ind1=" " ind2=" ">
    <subfield code="a">Tesis</subfield>
    <subfield code="b">(Mg.) -- </subfield>
    <subfield code="c">Universidad Peruana Uni&#xF3;n,</subfield>
    <subfield code="d">2005.</subfield>
  </datafield>
  <datafield tag="504" ind1=" " ind2=" ">
    <subfield code="a">Incluye referencias</subfield>
  </datafield>
  <datafield tag="520" ind1="3" ind2=" ">
    <subfield code="a">El prop&#xF3;sito de este trabajo de investigaci&#xF3;n fue encontrar los resultados de la aplicaci&#xF3;n de los m&#xE9;todos de la Terapia Breve Centrada en la Soluci&#xF3;n en el tratamiento en un caso de abuso sexual infantil. La metodolog&#xED;a usada en la presente investigaci&#xF3;n fue el de  un estudio de caso, la misma que corresponde al tipo de investigaci&#xF3;n cualitativa. El foco de estudio elegido para la intervenci&#xF3;n terap&#xE9;utica es de una ni&#xF1;a de 10 a&#xF1;os de edad que sufri&#xF3; abuso sexual y a su entorno familiar. Se empez&#xF3; con una investigaci&#xF3;n bibliogr&#xE1;fica sobre el problema del abuso sexual y sobre las teor&#xED;as de los modelos terap&#xE9;uticos para la intervenci&#xF3;n terap&#xE9;utica. La investigaci&#xF3;n se llev&#xF3; a cabo en el lugar de trabajo del investigador donde se realiz&#xF3; la evaluaci&#xF3;n y la intervenci&#xF3;n terap&#xE9;utica a Ruth (paciente identificada) y al sistema familiar, a trav&#xE9;s de cinco sesiones por un tiempo aproximado de cinco meses. Para los fines de la recolecci&#xF3;n de datos, por la naturaleza de la investigaci&#xF3;n, se hizo uso b&#xE1;sicamente de la t&#xE9;cnica de la entrevista semiestructurada y la observaci&#xF3;n participante de las interacciones y de la din&#xE1;mica del sistema consultante a lo largo de todas las sesiones con los diversos integrales del sistema familiar. Al finalizar cada sesi&#xF3;n se pas&#xF3; a organizar, analizar, interpretar y sistematizar toda la informaci&#xF3;n recogida, como eran las notas tomadas en las sesiones, las transcripciones de las entrevistas y del material f&#xED;lmico de cada una de las sesiones terap&#xE9;uticas. El plan de la investigaci&#xF3;n terap&#xE9;utica del modelo estructural y enfocada en la soluci&#xF3;n, sigui&#xF3; los siguientes pasos: en primer lugar, evalu&#xF3; los efectos del abuso sexual a nivel personal (en Ruth) y a nivel familiar (el impacto en el sistema familiar), despu&#xE9;s de esto, se pas&#xF3; a elaborar un plan de intervenci&#xF3;n terap&#xE9;utica donde s&#xF3;lo se incluy&#xF3; a la afectada sino a todo el sistema familiar. El abordaje terap&#xE9;utico prioriz&#xF3; la funcionalidad del subsistema paternal (la madre) y la seguridad de que no se repita una posible revictimizaci&#xF3;n en su hija; en las siguientes sesiones se trabaj&#xF3; con Ruth el manejo del sentimiento de culpa, el miedo, la desconfianza, el aislamiento, la mejora en el rendimiento acad&#xE9;mico y la superaci&#xF3;n de la baja autoestima. De manera paralela a estas intervenciones se realiz&#xF3; la reestructuraci&#xF3;n de los l&#xED;mites entre los subsistemas de la familia hasta lograr una interacci&#xF3;n funcional entre ellos. La aplicaci&#xF3;n y selecci&#xF3;n de las t&#xE9;cnicas terap&#xE9;uticas de ambos modelos en la intervenci&#xF3;n del presente caso de estudio fue efectiva. Las t&#xE9;cnicas como: el cuestionamiento del s&#xED;ntoma, la reestructuraci&#xF3;n cognitiva, la intensificaci&#xF3;n, la b&#xFA;squeda de excepciones, la pregunta de la escala y las preguntas del milagro y otras, fueron elementos claves para la recuperaci&#xF3;n de Ruth y la restauraci&#xF3;n del sistema familiar.</subfield>
  </datafield>
  <datafield tag="526" ind1=" " ind2=" ">
    <subfield code="a">SEG44</subfield>
  </datafield>
  <datafield tag="526" ind1=" " ind2=" ">
    <subfield code="a">SEG26</subfield>
  </datafield>
  <datafield tag="526" ind1=" " ind2=" ">
    <subfield code="a">P151</subfield>
  </datafield>
  <datafield tag="526" ind1=" " ind2=" ">
    <subfield code="a">P150</subfield>
  </datafield>
  <datafield tag="526" ind1=" " ind2=" ">
    <subfield code="a">P149</subfield>
  </datafield>
  <datafield tag="526" ind1=" " ind2=" ">
    <subfield code="a">P146</subfield>
  </datafield>
  <datafield tag="526" ind1=" " ind2=" ">
    <subfield code="a">P145</subfield>
  </datafield>
  <datafield tag="526" ind1=" " ind2=" ">
    <subfield code="a">P126</subfield>
  </datafield>
  <datafield tag="526" ind1=" " ind2=" ">
    <subfield code="a">P125</subfield>
  </datafield>
  <datafield tag="526" ind1=" " ind2=" ">
    <subfield code="a">P92</subfield>
  </datafield>
  <datafield tag="526" ind1=" " ind2=" ">
    <subfield code="a">P75</subfield>
  </datafield>
  <datafield tag="526" ind1=" " ind2=" ">
    <subfield code="a">P74</subfield>
  </datafield>
  <datafield tag="526" ind1=" " ind2=" ">
    <subfield code="a">P27</subfield>
  </datafield>
  <datafield tag="526" ind1=" " ind2=" ">
    <subfield code="a">P15</subfield>
  </datafield>
  <datafield tag="650" ind1="0" ind2="4">
    <subfield code="a">Abuso sexual de menores</subfield>
    <subfield code="x">Psicoterapia</subfield>
    <subfield code="x">Metodolog&#xED;a.</subfield>
  </datafield>
  <datafield tag="596" ind1=" " ind2=" ">
    <subfield code="a">1</subfield>
  </datafield>
  <datafield tag="942" ind1=" " ind2=" ">
    <subfield code="2">ddc</subfield>
    <subfield code="c">TESIS</subfield>
  </datafield>
  <datafield tag="999" ind1=" " ind2=" ">
    <subfield code="a">TF 3 CH46 2005</subfield>
    <subfield code="w">ALPHANUM</subfield>
    <subfield code="c">8127</subfield>
    <subfield code="i">T01060</subfield>
    <subfield code="l">CCODEBUL3</subfield>
    <subfield code="m">BUL</subfield>
    <subfield code="r">1</subfield>
    <subfield code="s">Y</subfield>
    <subfield code="t">TESIS</subfield>
    <subfield code="u">2015-12-9</subfield>
    <subfield code="x">POSGRADO</subfield>
    <subfield code="P">P54</subfield>
    <subfield code="o">.STAFF. Tesis</subfield>
    <subfield code="d">8127</subfield>
  </datafield>
  <datafield tag="980" ind1=" " ind2=" ">
    <subfield code="8">1</subfield>
    <subfield code="g">ALBERTO SANCHEZ Responsable de Automatizaci&#xF3;n</subfield>
  </datafield>
  <datafield tag="952" ind1=" " ind2=" ">
    <subfield code="r">2022-07-06 00:00:00</subfield>
    <subfield code="l">0</subfield>
    <subfield code="o">TF 3 CH46 2005</subfield>
    <subfield code="p">T01060</subfield>
    <subfield code="t">e1</subfield>
    <subfield code="w">2015-12-09</subfield>
    <subfield code="x">PG</subfield>
    <subfield code="y">TESIS</subfield>
    <subfield code="z">Este &#xCD;tem NO se presta por ser Ejemplar #1.</subfield>
    <subfield code="1">0</subfield>
    <subfield code="2">ddc</subfield>
    <subfield code="7">1</subfield>
    <subfield code="8">TESIS</subfield>
    <subfield code="f">P54</subfield>
    <subfield code="a">BUL</subfield>
    <subfield code="b">BUL</subfield>
    <subfield code="c">TESIS</subfield>
    <subfield code="d">2015-12-09</subfield>
  </datafield>
</record>
